000 00390nam a2200133Ia 4500
008 231129s2011||||xx |||||||||||||| ||spa||
020 _a978-958-695-480-8
040 _bspa
082 _a327.861 R382r
245 0 _aRelaciones internacionales y polí­tica exterior de Colombia
260 _c2011
264 _aUniversidad de los Andes
942 _2ddc
_cBKS
999 _c23928
_d23928